00437nam a22001697a 450000500170000001000140001702000250003103500130005603700130006908200100008210000280009224500410012026000370016127000440019830000220024270000030026420100807155618.0 aENG-98988 a9788190756259c80.00 aEN-82520 bDBAD/PUB a519.5 aSavarimuthu, S. Johnson aStatics /cby S. Johnson Savarimuthy aRanipetbRish Publicationsc2008 aNo. 10, Gandhi Nagar, bRanipete632401 a101p.c20cm (pbk)